[Event "Neiva Ascun Nodo op"]
[Site "Neiva"]
[Date "2023.03.31"]
[Round "3"]
[White "Giraldo Guevara, Juan Diego"]
[Black "Peralta Rojas, Nestor Eduardo"]
[Result "0-1"]
[WhiteElo "1535"]
[BlackElo "1723"]
[PlyCount "32"]
[EventDate "2023.03.30"]
[EventType "swiss"]
[EventRounds "6"]
[EventCountry "COL"]
[SourceTitle "CBM 213 Extra"]
[Source "ChessBase"]
[SourceDate "2023.05.31"]
[SourceVersion "1"]
[SourceVersionDate "2023.05.31"]
[SourceQuality "1"]

1. e4 Nf6 2. e5 Nd5 3. d4 d6 4. c4 Nb6 5. f4 dxe5 6. fxe5 Bf5 7. Nf3 e6 8. Be2 Nc6 9. 0-0 Be7 10. Nc3 Qd7 11. a3 Rd8 12. Be3 Bg4 13. Ng5 Bxg5 14. Bxg5 Qxd4+ 15. Qxd4 Rxd4 16. Bxg4 Rxg4 0-1